Formuła 1 - Zwycięzcy Jubileuszowych Grand Prix - Statystyki

Ogólne statystyki
  • Ten quiz został rozwiązany 31 razy
  • Średni wynik to 7 z 12
Statystyki odpowiedzi
Wyścig nr... GP Zespół Zwycięzca % Poprawnych
900 GP Bahrajnu 2014 Mercedes Lewis Hamilton
100%
1000 GP Chin 2019 Mercedes Lewis Hamilton
100%
1100 GP Las Vegas 2023 Red Bull Max Verstappen
100%
800 GP Singapuru 2008 Renault Fernando Alonso
96%
1 GP Wielkiej Brytanii 1950 Alfa Romeo Giuseppe Farina
68%
400 GP Austrii 1984 McLaren Niki Lauda
64%
600 GP Argentyny 1997 Williams Jacques Villeneuve
56%
200 GP Monako 1971 Tyrrell Jackie Stewart
52%
700 GP Brazylii 2003 Jordan Giancarlo Fisichella
40%
500 GP Australii 1990 Benetton Nelson Piquet
36%
300 GP RPA 1978 Lotus Ronnie Peterson
16%
100 GP Niemiec 1961 Lotus Stirling Moss
16%
Nie znaleziono quizów pasujących do podanych kryteriów
Rozkład punktacji
Procent ludzi z każdym wynikiem
Percentyl według liczby udzielonych odpowiedzi
Twoja historia wyników
Nie rozwiązałeś tego quizu